000 00725nam a2200217Ia 4500
001 1304
003 GE_BSU
008 181216s||||||||xx |||||||||||||| ||und||
040 _cGE_BSU
080 _a631.4(075.8)
100 _aტალახაძე, გ; მინდელი, კ;
245 _aკერძო ნიადაგმცოდნეობა
245 _bსახელმძღ. სას-სამ. ინ-ტის სტუდენტებისათვის
260 _aთბილისი
260 _bგანათლება
260 _c1976
300 _a327 გვ. 21 სმ.
541 _h12 ლ.
653 _aნიადაგმცოდნეობა
942 _cBK
999 _c35446
_d35446